General Knowledge #4 - Statistics

General Stats
  • This quiz has been taken 56 times
  • The average score is 11 of 15
Answer Stats
Question Answer % Correct
How many members of the Beatles were there? 4
98%
What degree is a right angle? 90
98%
How many zeros are in a million? 6
96%
How many sides does a heptagon have? 7
94%
How many feet are in a yard? 3
90%
In what sport is “love” a score? Tennis
86%
Who was the first Disney princess? Snow White
84%
Who wrote the novel “1984”? George Orwell
82%
Which sport was played on the moon? Golf
71%
Which famous German road has no speed limit? The Autobahn
71%
How many wheels does a semi truck have? 18
67%
What does a barometer measure? Pressure
63%
How many keys does a standard piano have? 88
55%
Who is the devilish companion of Saint Nicholas? Krampus
47%
What is the name of a bike with a much larger front wheel? Penny Farthing
37%
No matching quizzes found
Score Distribution
Percent of People with Each Score
Percentile by Number Answered
Your Score History
You have not taken this quiz